| 000 | 00394nam a2200145 i 4500 | ||
|---|---|---|---|
| 001 | 56280 | ||
| 003 | ES-MaACL | ||
| 007 | t| | ||
| 008 | 031007s1961 xxr ||||1| rus d | ||
| 245 | 0 | 0 | _aDiccionario español-ruso. |
| 260 |
_a[S.l. : _bs.n.], _c1961. |
||
| 300 |
_a944 p. ; _c21 cm. |
||
| 500 | _aEl resto de datos de la ficha están escritos en ruso. | ||
| 852 |
_aES-MaACL _jE-7330 _bR.91400 |
||
| 999 |
_c56280 _d56280 |
||